000 00499nam a22001937a 4500
003 NUST - PNEC
005 20170116180802.0
008 150416b xxu||||| |||| 00| 0 eng d
020 _a9780670082070
040 _cLIBRARY
082 _a828.91409 ROY
100 _92678
_aRoy, Arundhati"
245 _aThe Shape of the Beast
_c Arundhati Roy
250 _a1st ed
260 _aNew Delhi
_bPenguin
_cc2008.
300 _a271p. :
650 _92679
_aSocial sciences)
_xGeneral
942 _2ddc
_cBK
999 _c63032
_d63032